<?xml version="1.0" encoding="UTF-8"?>
<record
    xmlns:xsi="http://www.w3.org/2001/XMLSchema-instance"
    xsi:schemaLocation="http://www.loc.gov/MARC21/slim http://www.loc.gov/standards/marcxml/schema/MARC21slim.xsd"
    xmlns="http://www.loc.gov/MARC21/slim">

  <leader>01385nam a2200193Ia 4500</leader>
  <datafield tag="952" ind1=" " ind2=" ">
    <subfield code="0">0</subfield>
    <subfield code="1">0</subfield>
    <subfield code="2">lcc</subfield>
    <subfield code="4">0</subfield>
    <subfield code="7">0</subfield>
    <subfield code="a">11</subfield>
    <subfield code="b">11</subfield>
    <subfield code="d">2007-01-08</subfield>
    <subfield code="l">32</subfield>
    <subfield code="o">LB1025 V55 2002</subfield>
    <subfield code="p">11 000828</subfield>
    <subfield code="r">2020-03-12</subfield>
    <subfield code="s">2020-03-12</subfield>
    <subfield code="t">1</subfield>
    <subfield code="w">2012-06-26</subfield>
    <subfield code="y">LB</subfield>
  </datafield>
  <datafield tag="952" ind1=" " ind2=" ">
    <subfield code="0">0</subfield>
    <subfield code="1">0</subfield>
    <subfield code="2">lcc</subfield>
    <subfield code="4">0</subfield>
    <subfield code="7">0</subfield>
    <subfield code="a">11</subfield>
    <subfield code="b">11</subfield>
    <subfield code="d">2015-08-24</subfield>
    <subfield code="l">11</subfield>
    <subfield code="m">1</subfield>
    <subfield code="o">LB1025 V55 2002</subfield>
    <subfield code="p">11 001606</subfield>
    <subfield code="r">2025-01-09</subfield>
    <subfield code="s">2024-12-17</subfield>
    <subfield code="t">2</subfield>
    <subfield code="w">2015-08-24</subfield>
    <subfield code="y">LB</subfield>
  </datafield>
  <datafield tag="999" ind1=" " ind2=" ">
    <subfield code="c">68763</subfield>
    <subfield code="d">68763</subfield>
  </datafield>
  <controlfield tag="008">120626s2002    mx            000 0 spa d</controlfield>
  <datafield tag="020" ind1=" " ind2=" ">
    <subfield code="a">9682464544</subfield>
  </datafield>
  <datafield tag="050" ind1=" " ind2=" ">
    <subfield code="a">LB1025 </subfield>
    <subfield code="b">V55 2002</subfield>
  </datafield>
  <datafield tag="100" ind1=" " ind2=" ">
    <subfield code="a">Villalobos P&#xE9;rez-Cort&#xE9;s, Elvia Marveya</subfield>
    <subfield code="e">autor</subfield>
  </datafield>
  <datafield tag="245" ind1=" " ind2=" ">
    <subfield code="a">Did&#xE1;ctica integrativa y el proceso de aprendizaje </subfield>
    <subfield code="c">/ Elvia Marveya, Villalobos P&#xE9;rez-Cort&#xE9;s</subfield>
  </datafield>
  <datafield tag="260" ind1=" " ind2=" ">
    <subfield code="a">M&#xE9;xico</subfield>
    <subfield code="b">: Trillas</subfield>
    <subfield code="c">, 2002</subfield>
  </datafield>
  <datafield tag="300" ind1=" " ind2=" ">
    <subfield code="a">254 p&#xE1;ginas</subfield>
  </datafield>
  <datafield tag="500" ind1=" " ind2=" ">
    <subfield code="a">Incluye: Indice de contenido, Pr&#xF3;logo, Introducci&#xF3;n, Bibliograf&#xED;a, Indice onom&#xE1;stico, Indice anal&#xED;tico</subfield>
  </datafield>
  <datafield tag="505" ind1=" " ind2=" ">
    <subfield code="a">Parte I. Nivel te&#xF3;rico formal: educaci&#xF3;n  
La pedagog&#xED;a como sustento de la did&#xE1;ctica  
Antropolog&#xED;a pedag&#xF3;gica: persona humana  
Fundamentaci&#xF3;n te&#xF3;rica de la educaci&#xF3;n  
Para un concepto de did&#xE1;ctica  

PARTE II. Nivel te&#xF3;rico de interactividad: did&#xE1;ctica  
Instrumentaci&#xF3;n de la did&#xE1;ctica 
Corrientes did&#xE1;cticas  
Habilidades did&#xE1;cticas  
Habilidades docentes  

PARTE III. Nivel de aplicaci&#xF3;n: aprendizaje  
Aplicaci&#xF3;n de los momentos y elementos did&#xE1;cticos en el proceso de ense&#xF1;anza- aprendizaje  
Aprendizaje significativo: educar para la vida  
Las estrategias de aprendizaje como procesos de mediaci&#xF3;n cognitiva  
&#xC9;tica del aprendizaje  </subfield>
  </datafield>
  <datafield tag="519" ind1=" " ind2=" ">
    <subfield code="a">Material Complementario/  </subfield>
    <subfield code="b">Pedagog&#xED;a / </subfield>
    <subfield code="d">(11 000828)  
</subfield>
  </datafield>
  <datafield tag="650" ind1=" " ind2="0">
    <subfield code="a">ENSE&#xD1;ANZA</subfield>
    <subfield code="x">DID&#xC1;CTICA</subfield>
  </datafield>
  <datafield tag="650" ind1=" " ind2="0">
    <subfield code="a">APRENDIZAJE</subfield>
  </datafield>
  <datafield tag="942" ind1=" " ind2=" ">
    <subfield code="c">LB</subfield>
  </datafield>
</record>
